Phương pháp sáng tác múa

Bewaard in:
Bibliografische gegevens
Hoofdauteur: Đặng, Hùng
Formaat: Boek
Gepubliceerd in: Tp. Hồ Chí Minh Văn Nghệ
Tags: Voeg label toe
Geen labels, Wees de eerste die dit record labelt!
Thư viện lưu trữ: Trung tâm Học liệu Lê Vũ Hùng, Trường Đại học Đồng Tháp
LEADER 00722pam a22002658a 4500
001 00037436
005 20171026081023.0
008 170512s ||||||Viesd
041 0 # |a Vie 
082 1 4 |a 792.8  |b PH561PH 
100 1 # |a Đặng, Hùng 
245 1 0 |a Phương pháp sáng tác múa  |c Đặng Hùng 
260 # # |a Tp. Hồ Chí Minh  |b Văn Nghệ 
300 # # |a 208tr  |c 24cm. 
852 # # |b Kho mượn  |j KM.0021383 
852 # # |b Kho đọc  |j KD.1000023, KD.0020365 
852 # # |j KM.0021383  |j KD.0020365 
910 |d 12/05/2017 
980 # # |a Trung tâm Học liệu Lê Vũ Hùng, Trường Đại học Đồng Tháp